[Event "Portugal Open 2020"]
[Site "Lisbon"]
[Date "2020.01.26"]
[Round "3.18"]
[White "Balbuena Fuentes, Mario"]
[Black "Goluch, Piotr"]
[Result "0-1"]
[WhiteElo "2234"]
[BlackElo "2413"]
[Annotator "TA"]
[PlyCount "68"]
[EventDate "2020.01.25"]
[EventType "swiss"]
[EventCountry "POR"]
[SourceTitle "playchess.com"]
[Source "ChessBase"]
[SourceQuality "1"]

{[%evp 19,68,0,0,0,24,45,50,47,49,17,16,18,16,0,3,0,22,0,3,0,20,0,0,-5,0,-260,-277,-259,-264,-378,-399,-804,-807,-971,-342,-316,-174,-214,0,-12,62,-204,-204,-734,-217,-29963,-6503,-29973,-29974,-29974,-5497]} 1. Nf3 Nf6 2. b3 d5 3. Bb2 c5 4. e3 Nc6 5. Bb5 Bd7 6. O-O e6 7. c4 Bd6 8. cxd5 exd5 9. d4 cxd4 10. Nxd4 O-O 11. Nc3 {A13: English Opening: 1...e6} Nxd4 $146 ({Predecessor:} 11... Re8 12. Nf3 Bg4 13. Bxc6 bxc6 14. Rc1 Be5 15. Na4 Bxb2 16. Nxb2 Rc8 17. h3 Bxf3 18. Qxf3 {½-½ (60) So,W (2778)-Anand,V (2759) Leuven 2018}) 12. Qxd4 Re8 13. Bxd7 {White is slightly better.} Be5 14. Qd2 (14. Qa4 $5 {[%cal Rd7e8]} Nxd7 15. Rfd1 $11) 14... Qxd7 15. Rad1 Rac8 {[%cal Ba8c8,Bc8c6,Bc6g6][%mdl 32] aiming for ...Bxc3.} 16. Nb1 Ne4 17. Qe2 Rc6 18. Bxe5 Rxe5 19. Rc1 Rg6 20. Kh1 h5 21. Nc3 Nf6 {Threatening ...d4.} 22. Nb5 $2 {[%mdl 8192]} (22. Rfd1 $11 {and White stays safe.}) 22... d4 $1 $19 {[%cal Rd4d3]} 23. a4 a6 $1 {White must now prevent ...d3.} 24. Na3 (24. Nxd4 {was necessary.} Qxd4 {[%mdl 64] Pin} 25. Qxh5 Nxh5 26. exd4) 24... d3 25. Qd1 $2 (25. Qf3 Rf5 26. Qh3) 25... Reg5 (25... d2 $2 26. Rc4 $17) 26. g3 {[#]} Qd5+ $2 (26... h4 $1 {[%mdl 512]} 27. Rc2 (27. gxh4 Rg2) 27... Qd5+ 28. Kg1 hxg3 29. fxg3 dxc2 30. Qxd5 Rxd5 31. Nxc2 Rd3) 27. f3 {[#]} h4 $1 $40 {[%mdl 640] Black wants a kill.} 28. e4 (28. gxh4 Rg2) 28... Qd4 $2 ({Black should play} 28... Qd7 $19 29. g4 Nxg4 $1 {[%mdl 512]} 30. fxg4 Rxg4) 29. g4 $1 $11 {next Nc2! is good for White.} d2 (29... h3 $11 30. Nc2 Qb2 31. Qxd3 Rc5 32. Qd8+ Kh7) 30. Rc8+ $2 {[%mdl 8192]} (30. Rc4 $1 $14 {is the one way to stay ahead.} Qd7 31. Nb1) 30... Kh7 $19 {[%cal Rf6g4] ( -> ...Nxg4!)} 31. h3 $2 {[#]} (31. Rc4 Qd3 32. Nc2) 31... Qd6 $2 (31... Nxe4 $1 {[%mdl 512]} 32. Rc4 (32. fxe4 Qxe4+) 32... Ng3+ {[%mdl 64] Double Attack} 33. Kg2 Nxf1 34. Rxd4 Ne3+ {[%mdl 64] Double Attack} 35. Kg1 Nxd1 36. Rxd2 Nc3) 32. Nc4 $2 (32. e5 $19 Qxa3 33. exf6) 32... Qg3 33. Ne3 Qxh3+ 34. Kg1 {[#]} Rxg4+ {Played: Nf6xg4} 0-1

[Event "Portugal Open 2020"]
[Site "Lisbon"]
[Date "2020.01.26"]
[Round "3.19"]
[White "Sousa, Andre Ventura"]
[Black "Borges, Guilherme Deola"]
[Result "1-0"]
[WhiteElo "2391"]
[BlackElo "2134"]
[Annotator "TA"]
[PlyCount "51"]
[EventDate "2020.01.25"]
[EventType "swiss"]
[EventCountry "POR"]
[SourceTitle "playchess.com"]
[Source "ChessBase"]
[SourceQuality "1"]

{[%evp 11,59,22,22,20,28,24,26,33,41,29,37,44,118,110,112,118,131,116,154,122,164,165,172,166,168,175,175,159,158,153,151,153,474,466,440,373,505,495,491,348,501,504,1041,891,3012,2951,29996,29997,29997,29998]} 1. e4 c5 2. Nf3 e6 3. d4 cxd4 4. Nxd4 a6 5. c4 Nf6 6. Nc3 Bb4 7. Qd3 {B41: Sicilian: Kan Variation: 5 c4} Nc6 (7... O-O 8. e5 Ne8 9. Bf4 d6 10. Nc2 Bxc3+ 11. Qxc3 dxe5 12. Bxe5 Nc6 13. Bf4 e5 14. Be3 Nf6 {0-1 (47) Karjakin,S (2754)-Smirin,I (2607) Moscow 2019}) 8. Nxc6 dxc6 9. e5 {White has an edge.} Nd7 10. Bf4 O-O 11. Be2 Qa5 (11... f6 $14) 12. Qg3 $1 $16 f6 13. exf6 {[%csl Gf6][%cal Rg3g7] [#]} Bxc3+ $146 ({Predecessor:} 13... Rxf6 14. O-O Bxc3 {1-0 (39) Kovacevic,A (2566)-Pikula,D (2504) Herceg Novi 2007}) 14. bxc3 {[%csl Gf6][%cal Rg3g7]} Rxf6 15. O-O e5 16. Bg5 $40 {[%mdl 128] Black is in trouble.} Rf8 {[#]} 17. Bh6 $1 {[%csl Gh6][%cal Rg3g7][%mdl 512]} Rf7 {[#]} 18. Bh5 $1 {[%cal Rh5f7]} Re7 19. Bg5 Re6 20. Rad1 {[%cal Ba1d1,Bd1d2,Bd2f2][%mdl 32]} h6 21. Bh4 Nf6 $2 (21... e4 $16 {is tougher.} 22. Bg4 Rg6) 22. Bg6 $18 e4 {Now ...Nh5 and Black clings on.} 23. Rd2 {Black must now prevent Rfd1.} Nh5 {[#]} 24. Rfd1 $1 {[%mdl 512] Threatening mate with Rd8+.} Re8 25. Qe3 Bg4 (25... Rf8 $142 26. Be7 (26. Qxe4 Bf5 $16) 26... Bg4) 26. Bxe8 {Played: f2-f3} 1-0

[Event "Portugal Open 2020"]
[Site "Lisbon"]
[Date "2020.01.26"]
[Round "3.20"]
[White "Marzano, Carlo"]
[Black "Vasli, Aref"]
[Result "0-1"]
[WhiteElo "2078"]
[BlackElo "2391"]
[Annotator "TA"]
[PlyCount "88"]
[EventDate "2020.01.25"]
[EventType "swiss"]
[EventCountry "POR"]
[SourceTitle "playchess.com"]
[Source "ChessBase"]
[SourceQuality "1"]

{[%evp 16,104,45,34,46,35,65,49,64,54,43,37,32,0,0,-20,0,6,6,10,12,10,10,10,156,83,156,124,120,94,87,88,88,88,88,-18,-17,-19,-8,-11,-6,-12,-1,-42,0,0,0,-17,-18,-34,-43,-104,-104,-108,-108,-592,-104,-104,-104,-104,-41,-199,-41,-42,-42,-108,-108,-108,-108,-108,-108,-108,-108,-293,-143,-129,-104,-129,-104,-29980,-29981,-29981,-29982,-29992,-29993,-29993,-29994,-29995,-29996,-29996,-29997]} 1. d4 Nf6 2. c4 e6 3. Nf3 c5 4. d5 exd5 5. cxd5 d6 6. Nc3 g6 7. Bf4 a6 8. a4 Bg7 9. e3 O-O {A61: Modern Benoni: Nf3 without early e4} 10. Be2 (10. h3 Qe7 11. Bd3 Nbd7 12. O-O Ne8 13. e4 Rb8 14. Re1 Nc7 15. Qd2 Ne5 16. Nxe5 Bxe5 17. Bxe5 Qxe5 18. a5 {1-0 (42) Akobian,V (2647)-Ponkratov,P (2613) Riadh 2017}) 10... Re8 11. Nd2 Nbd7 {[%cal Bb8d7,Bd7b6,Bb6d5,Bd5e3][%mdl 32] White is slightly better.} 12. Bxd6 Nb6 13. Bxc5 Nfxd5 {[#]} 14. Nxd5 $146 ({Predecessor:} 14. Bxb6 Nxb6 15. O-O Bf5 {1-0 (59) Goryachkina,A (2535)-Gritsayeva,O (2391) Satka 2018}) 14... Nxd5 15. Ba3 Bf5 16. O-O Rxe3 $1 17. fxe3 Nxe3 18. Qc1 Rc8 $1 {[%cal Rc8c1]} 19. Nc4 b5 (19... Bd4 $11 {remains equal.} 20. Kh1 Qg5 21. Nxe3 Rxc1 22. Raxc1 Qxe3) 20. axb5 (20. Be7 $142 Qxe7 21. Qxe3) 20... axb5 (20... Bd4 $142 21. Kh1 axb5) 21. Nxe3 Rxc1 22. Raxc1 Bd4 23. Bc5 Bxc5 24. Rxc5 {[%mdl 64] Double Attack} Qd4 25. Rxb5 ({White has to play} 25. Rc3 $16 b4 26. Rd1) 25... Qxe3+ $11 {[%mdl 64] Double Attack} 26. Rf2 Be4 27. Rb8+ $1 Kg7 28. Rc8 Qb6 {Black wants to play ...Bxg2!} 29. Bf1 h5 {[%mdl 1024] Black has compensation.} 30. Rc4 f5 31. Rc3 h4 32. Ra3 Qd4 33. Rc3 (33. g3 $15) 33... g5 $17 34. g3 g4 $1 35. Bg2 $2 {[%mdl 8192]} (35. gxh4 $17 {is tougher.} Kg6 36. Rc4) 35... Bd3 $2 (35... Bxg2 $1 $19 {is more deadly.} 36. Kxg2 h3+ 37. Kg1 Qd1+ 38. Rf1 Qd2) 36. gxh4 Kg6 37. Bf1 {[#]} Be4 (37... Bxf1 $1 $17 38. Kxf1 f4 39. Rc6+ Kh5) 38. Bg2 $2 (38. h3 $15) 38... Bb1 $2 ({Black should try} 38... f4 $1 $19 {Threatens to win with ...Bxg2.} 39. Bxe4+ Qxe4) 39. Bf1 $15 Kh5 40. Rc4 (40. h3 $15) 40... Qe3 $17 41. Rc3 Qb6 42. Bd3 Bxd3 43. Rxd3 {[%mdl 4096] Endgame KQ-KRR} f4 $1 ({Reject} 43... Kxh4 $6 44. Rd7 $11) 44. Kf1 $2 {[#]} (44. Rd5+ $17 {was the only chance.} Kxh4 45. Rf5) 44... Qc6 {Played: Qb6-b5} 0-1

[Event "Portugal Open 2020"]
[Site "Lisbon"]
[Date "2020.01.26"]
[Round "3.21"]
[White "Ghazarian, Tigran"]
[Black "Santos, Antonio P"]
[Result "1-0"]
[WhiteElo "1668"]
[BlackElo "2152"]
[Annotator "TA"]
[PlyCount "63"]
[EventDate "2020.01.25"]
[EventType "swiss"]
[EventCountry "POR"]
[SourceTitle "playchess.com"]
[Source "ChessBase"]
[SourceQuality "1"]

{[%evp 9,65,34,33,16,19,18,37,29,33,22,35,33,28,25,28,26,29,39,39,35,30,27,23,23,45,37,95,92,83,80,100,80,95,23,84,93,70,41,56,16,3,7,69,59,533,526,503,468,539,544,617,597,881,929,845,822,1001,668]} 1. e4 c5 2. Nf3 d6 3. Bb5+ Nd7 4. Ba4 $146 ({Predecessor:} 4. c3 Ngf6 5. Bd3 e6 6. O-O b6 7. Bc2 Bb7 8. Re1 Be7 9. d4 O-O {0-1 (20) Vachier Lagrave,M (2774)-Wei,Y (2721) chess.com INT 2019}) 4... Ngf6 5. O-O e6 6. Re1 {B51: Sicilian: Moscow Variation (3 Bb5+) without 3...Bd7} Be7 7. c3 O-O 8. d4 {White is slightly better.} b6 9. Nbd2 Bb7 10. Bc2 cxd4 11. cxd4 Rc8 12. Nf1 d5 {White must now prevent ...Qc7.} 13. e5 Ne4 14. Ng3 Nxg3 15. hxg3 Ba6 16. Bf4 Nb8 17. g4 Nc6 (17... Qd7 $14) 18. a3 $16 Qd7 19. g3 f6 20. Kg2 fxe5 21. dxe5 ({White should try} 21. Nxe5 $16 Nxe5 22. Bxe5) 21... d4 (21... g6 $11) 22. Be4 d3 23. Rh1 h6 {next ...Nd4 is good for Black.} 24. Bxh6 Rxf3 $1 25. Qxf3 {Bh7+! would kill now.} Nxe5 ({Avoid the trap} 25... gxh6 $2 26. Rxh6 Nxe5 27. Qf4 $18) 26. Qf4 {Threatens to win with Bxg7.} Nf7 $2 {[%mdl 8192] [#]} (26... Ng6 $1 $14 27. Bxg6 Rf8) 27. Bh7+ $1 $18 {[%mdl 512] White is clearly winning.} Kf8 (27... Kxh7 28. Qxf7) 28. Bg6 {[%csl Gg6][%cal Rf4f7]} Bb7+ {[#]} 29. Kg1 $1 {[%csl Gg6][%cal Rf4f7]} Bd6 {[#]} 30. Qf6 $1 {[%mdl 512]} gxh6 31. Rxh6 {[%csl Gf6][%cal Rh6h8]} Ke8 {[#]} 32. Re1 {Played: Rh6-h7} 1-0

[Event "Portugal Open 2020"]
[Site "Lisbon"]
[Date "2020.01.26"]
[Round "3.22"]
[White "Spraggett, Kevin"]
[Black "Pastor Alonso De Prado, Alberto"]
[Result "0-1"]
[WhiteElo "2501"]
[BlackElo "2074"]
[Annotator "TA"]
[PlyCount "87"]
[EventDate "2020.01.25"]
[EventType "swiss"]
[EventCountry "POR"]
[SourceTitle "playchess.com"]
[Source "ChessBase"]
[SourceQuality "1"]

{[%evp 15,87,20,31,18,24,2,7,3,16,20,14,19,22,18,28,32,54,54,55,55,55,51,51,51,51,51,51,51,51,51,54,52,55,55,67,63,68,66,71,73,85,81,171,174,256,248,260,262,257,253,251,258,265,265,277,226,245,243,285,283,360,280,404,449,618,627,690,508,586,578,554,457,1051,1026]} 1. e4 d6 2. d4 Nf6 3. Nc3 e5 4. Nf3 Nbd7 5. g3 Be7 6. Bg2 O-O 7. O-O c6 8. a4 b6 9. b3 {C41: Philidor Defence} Bb7 (9... a6 10. Re1 Bb7 11. Ba3 b5 12. dxe5 dxe5 13. Bd6 Re8 14. Bh3 b4 15. Na2 c5 16. c3 Nxe4 17. Bxe7 Rxe7 18. cxb4 cxb4 19. Nxb4 {0-1 (53) Fontaine,R (2554)-Bauer,C (2654) Switzerland 2019}) 10. Bb2 Qc7 11. Re1 {The position is equal.} a6 12. Nb1 Rfe8 13. Nbd2 Bf8 14. c3 b5 15. Qc2 c5 $146 {Threatening ...cxd4.} ({Predecessor:} 15... Rad8 16. c4 bxa4 17. Rxa4 exd4 18. Nxd4 {1-0 (36) Duda,J (2542)-Zagorskis,D (2480) Warsaw 2013}) 16. d5 g6 17. Bf1 Qb6 18. Bc1 Bh6 19. h3 Rab8 20. Qa2 Ra8 21. Nh4 Bg7 22. Ng2 Nh5 23. Ne3 Rf8 24. Qc2 Rab8 25. Nf3 Ndf6 26. Bd2 Kh8 27. Ra2 Ng8 28. Rea1 f5 (28... Bc8 $16) 29. axb5 f4 (29... axb5 {is a better defense.} 30. exf5 Ne7) 30. Nc4 $18 Qd8 31. g4 axb5 32. Na3 ({Less strong is} 32. gxh5 bxc4 33. b4 (33. Bxc4 gxh5 34. b4 cxb4 $11) 33... cxb4 $16) 32... Nhf6 33. Nxb5 Nxe4 34. Qxe4 Nf6 35. Qc2 {[#] c4 is the strong threat.} Bxd5 36. Nh2 Bc6 37. c4 d5 38. Ra6 Bd7 (38... Qd7 $142 39. f3 Rg8) 39. Nd6 Rb6 {White is clearly winning.} 40. cxd5 Nxd5 41. Ne4 Nb4 42. Bxb4 Rxb4 43. Rd6 {[#] aiming for Ra7.} Rf7 (43... Rd4 $142 44. Rd1 Qe7) 44. Bc4 {[%mdl 32768] Accuracy: White = 91%, Black = 46%. . Loss on time!?} 0-1

[Event "Portugal Open 2020"]
[Site "Lisbon"]
[Date "2020.01.26"]
[Round "3.23"]
[White "Tuerk, Philipp"]
[Black "Jaracz, Pawel"]
[Result "0-1"]
[WhiteElo "2106"]
[BlackElo "2466"]
[Annotator "TA"]
[PlyCount "54"]
[EventDate "2020.01.25"]
[EventType "swiss"]
[EventCountry "POR"]
[SourceTitle "playchess.com"]
[Source "ChessBase"]
[SourceQuality "1"]

{[%evp 9,54,-7,-5,-2,-5,-56,-59,-51,-57,-66,-54,-102,-98,-92,-91,-116,-110,-106,-80,-91,-91,-76,-52,-84,-102,-135,-143,-133,-121,-88,-43,-159,-174,-184,-192,-262,-250,-361,-358,-491,-462,-422,-177,-1158,-1145,-976,-959]} 1. e4 c5 2. b3 g6 (2... Nc6 3. Bb2 e5 4. Nf3 d6 5. Bc4 Be7 6. O-O Nh6 7. c3 O-O 8. d4 Qc7 9. Na3 Kh8 10. Nc2 f5 11. exf5 Nxf5 12. dxe5 dxe5 13. Qe2 Nd6 {½-½ (64) Vachier Lagrave,M (2780)-Maze,S (2596) chess.com INT 2019}) 3. Bb2 Nf6 4. Nc3 Bg7 5. Nd5 O-O 6. Nxf6+ {B20: Sicilian: Unusual White 2nd moves} exf6 7. Be2 (7. Bc4 $1 $11) 7... Re8 $15 8. d3 {Black is slightly better.} d5 9. exd5 $146 ({Predecessor:} 9. Nf3 dxe4 10. dxe4 {0-1 (27) Licheli,L (2010)-Muthaiah,A (2370) New Delhi 2019}) 9... Qxd5 10. Kf1 Nc6 11. Bf3 Qd6 12. Bxc6 Qxc6 13. Qf3 Qd6 14. Ne2 Bd7 15. Qf4 Qe6 16. Re1 b5 17. Bc3 Qa6 18. a3 Re6 19. h4 Rae8 20. h5 ({White should try} 20. Rh3 $1 $15) 20... g5 $36 {[%mdl 2048] Keeping White busy.} ({Much less strong is} 20... Qxa3 21. hxg6 fxg6 22. Ra1 $15) 21. Qc1 h6 22. f3 (22. Rh3 $142) 22... c4 $19 23. dxc4 (23. b4 $142) 23... bxc4 24. b4 f5 {And now ...Bxc3 would win.} 25. Bxg7 {Bc3 is the strong threat.} Kxg7 (25... c3 $142 26. Bxh6 f4) 26. Qb2+ $2 {[#]} (26. c3) 26... c3 $1 {[%mdl 512]} 27. Qxc3+ Kg8 {Accuracy: White = 38%, Black = 64%.} 0-1

[Event "Portugal Open 2020"]
[Site "Lisbon"]
[Date "2020.01.26"]
[Round "3.24"]
[White "Mihajlov, Sebastian"]
[Black "Lopes, Joao Pedro Goncalves"]
[Result "1-0"]
[WhiteElo "2374"]
[BlackElo "2030"]
[Annotator "TA"]
[PlyCount "79"]
[EventDate "2020.01.25"]
[EventType "swiss"]
[EventCountry "POR"]
[SourceTitle "playchess.com"]
[Source "ChessBase"]
[SourceQuality "1"]

{[%evp 12,79,36,26,59,18,52,46,110,106,137,123,146,127,146,141,153,144,176,174,182,170,247,218,286,245,259,236,333,312,326,256,416,379,470,340,350,312,292,295,299,300,326,273,282,274,338,323,325,260,399,377,443,436,431,348,511,500,470,493,458,468,572,547,564,560,559,546,507,487]} 1. d4 d5 2. c4 e6 3. Nc3 Nf6 4. Nf3 Be7 5. Bf4 c6 6. e3 O-O 7. Qc2 Qa5 {D37: Queen's Gambit Declined: 5 Bf4} (7... Nbd7 8. h3 a6 9. Rd1 b6 10. Bd3 Bb7 11. O-O c5 12. cxd5 exd5 13. dxc5 bxc5 14. e4 d4 15. Na4 h6 16. Nd2 Bc6 17. Bh2 Bxa4 18. Qxa4 {1-0 (50) Zhigalko,S (2649)-Grachev,B (2705) Nakhchivan 2012}) 8. Nd2 Na6 $146 ({Predecessor:} 8... Nbd7 9. Bd3 c5 10. Nb3 Qb6 11. cxd5 exd5 12. dxc5 Nxc5 13. Nxc5 Qxc5 14. Be5 Be6 15. O-O {½-½ (39) Shinkevich,V (2503)-Karasev,V (2378) St Petersburg 2006}) 9. a3 Bb4 (9... Nh5 $14) 10. Bd3 $16 Bxc3 11. bxc3 {[%cal Bb2c3,Bc3c4][%mdl 32]} Qd8 12. c5 Nc7 13. c4 h6 14. O-O Nce8 15. h3 Nh5 16. Bh2 f5 (16... Nhf6 $142 17. Rfc1 b6 18. cxd5 Nxd5) 17. Nf3 g5 18. Ne5 Nhg7 19. Rad1 Qf6 (19... Nf6 $142 20. Rb1 h5) 20. f3 h5 21. Qf2 Qh6 $2 {[#]} (21... Nc7 22. Nxc6 bxc6) 22. h4 $18 gxh4 23. Qxh4 Qf6 24. Bg3 Qxh4 25. Bxh4 Nf6 {[%cal Be8f6,Bf6d5,Bd5f4,Bf4h3,Bh3f2][%mdl 32]} 26. Rb1 dxc4 27. Nxc4 Nd5 28. Rfe1 b5 29. Ne5 Bb7 30. e4 fxe4 (30... Nf6 {is a better defense.} 31. Ng6 Rf7 32. exf5 Nxf5 33. Bxf5 exf5 34. Ne7+ Kh7) 31. fxe4 Nf4 32. Bc2 a5 33. Rb2 b4 (33... Kh7 {might work better.} 34. d5 Ng6) 34. g3 {White is clearly winning.} Nh3+ 35. Kg2 Nf2 36. Nd7 Rf7 37. Nf6+ Rxf6 38. Bxf6 Ng4 39. Bxg7 Kxg7 40. axb4 {Accuracy: White = 67%, Black = 34%.} 1-0

[Event "Portugal Open 2020"]
[Site "Lisbon"]
[Date "2020.01.26"]
[Round "3.25"]
[White "Guerreiro, Nuno"]
[Black "Gonzalez Trigal, Jose Luis"]
[Result "1/2-1/2"]
[WhiteElo "2071"]
[BlackElo "2369"]
[Annotator "TA"]
[PlyCount "80"]
[EventDate "2020.01.25"]
[EventType "swiss"]
[EventCountry "POR"]
[SourceTitle "playchess.com"]
[Source "ChessBase"]
[SourceQuality "1"]

{[%evp 16,80,0,0,0,-5,28,0,29,-7,-10,-11,22,5,9,18,10,10,21,12,19,0,0,0,0,0,0,0,0,-3,0,0,0,0,0,0,0,-14,-6,-14,0,0,0,-5,0,0,0,0,0,0,0,-6,-6,-6,-6,-6,-6,-6,-6,-6,-6,-6,-6,-6,-6,-8,0]} 1. Nf3 Nf6 2. g3 d5 3. Bg2 c5 4. O-O Nc6 5. d4 e6 6. b3 Be7 7. Bb2 O-O 8. Nbd2 b6 9. c4 cxd4 {D02: 1 d4 d5 2 Nf3 sidelines, including 2...Nf6 3 g3 and 2...Nf6 3 Bf4} 10. Nxd4 Bb7 11. cxd5 Nxd5 12. Ne4 Rc8 {The position is equal.} 13. Rc1 Re8 $146 ({Predecessor:} 13... Qd7 14. Nxc6 Bxc6 15. Qd4 f6 16. Rfd1 Rfd8 {1-0 (27) Dragicevic,D (2306)-Kjartansson,G (2464) Vaxjo 2017}) 14. Nxc6 Rxc6 15. Rxc6 Bxc6 16. Qd4 {[%csl Gb2][%cal Rd4g7] [#]} Bf8 17. Rc1 Bb5 18. Bf1 Qe7 19. Nc3 Nxc3 20. Qxc3 Rd8 21. Qe5 Rd5 22. Qb8 Rd8 23. Qe5 Ba6 24. Rc7 Rd7 25. Rxd7 Qxd7 26. h4 (26. Qd4 {feels hotter.} Qc6 27. Qd8 Bb7 28. f3 f6 29. Ba3) 26... f6 (26... Qd1 {with more complications.} 27. f3 Qb1 28. a3 Bb5 29. Kf2 a5) 27. Qd4 (27. Qe4 {seems wilder.} Bb7 28. Qc4 Kf7 29. e3 Bc5 30. Bg2) 27... Qxd4 28. Bxd4 $11 {[%mdl 4096] Endgame KBB-KBB} e5 29. Bc3 Kf7 30. e4 Bxf1 31. Kxf1 {KB-KB} h5 32. Ke2 Ke6 33. Kd3 Bc5 34. Be1 b5 35. f3 f5 36. Ke2 a6 37. Bd2 g6 38. Kf1 Be7 39. Ke2 Bd8 40. Kf1 Be7 {Accuracy: White = 53%, Black = 71%.} 1/2-1/2

[Event "Portugal Open 2020"]
[Site "Lisbon"]
[Date "2020.01.26"]
[Round "3.26"]
[White "Maric, Boris"]
[Black "Lekic, Dusan"]
[Result "0-1"]
[WhiteElo "2034"]
[BlackElo "2343"]
[Annotator "TA"]
[PlyCount "32"]
[EventDate "2020.01.25"]
[EventType "swiss"]
[EventCountry "POR"]
[SourceTitle "playchess.com"]
[Source "ChessBase"]
[SourceQuality "1"]

{[%evp 17,32,-25,-33,-84,-79,-179,-187,-181,-178,-237,-243,-448,-427,-695,-678,-698,-678]} 1. d4 Nf6 2. c4 e6 3. Nf3 d5 4. Nc3 c6 5. Bg5 h6 6. Bh4 dxc4 7. e4 g5 8. Bg3 b5 9. e5 Nd5 10. a4 {D44: Semi-Slav: Botvinnik System} ({Better is} 10. Nd2 $15) (10. h4 Qa5 11. Rc1 Bb4 12. hxg5 Nxc3 13. bxc3 Bxc3+ 14. Nd2 Nd7 15. Rxh6 Rg8 16. Be2 Bb7 17. Bh5 O-O-O 18. Bxf7 Rxg5 19. Bxe6 Rxg3 20. fxg3 Bxd4 21. Bxd7+ Rxd7 {0-1 (35) Dubov,D (2629)-Shirov,A (2695) Moscow 2013}) 10... Bb4 $17 11. Qc2 {[#]} (11. Qc1 $17) 11... Qa5 $1 $19 {[%cal Rd5c3]} 12. Rc1 {[#]Black is clearly better.} Qxa4 $1 13. Qxa4 (13. Qd2 $142 Qb3 14. Be2) 13... bxa4 {[%cal Bb5a4,Ba4a3,Ba3a2][%mdl 32]} 14. Nd2 $146 (14. Kd2) ({Predecessor:} 14. Bxc4 a3 15. Kd2 axb2 16. Rc2 Bxc3+ 17. Rxc3 Nxc3 18. Kxc3 {0-1 (59) Kohalmi,E (2047)-Schlegl,O (1990) Hungary 2003}) 14... a3 {Black is clearly winning.} 15. Ndb1 (15. Nxd5 $142 cxd5 16. bxa3 Bxa3 17. Ra1) 15... a2 16. Nd2 Nxc3 0-1

[Event "Portugal Open 2020"]
[Site "Lisbon"]
[Date "2020.01.26"]
[Round "3.27"]
[White "Martins, Diogo Faria Oliveira"]
[Black "Napoli, Nicolo"]
[Result "0-1"]
[WhiteElo "1998"]
[BlackElo "2333"]
[Annotator "TA"]
[PlyCount "72"]
[EventDate "2020.01.25"]
[EventType "swiss"]
[EventCountry "POR"]
[SourceTitle "playchess.com"]
[Source "ChessBase"]
[SourceQuality "1"]

{[%evp 15,92,0,7,-16,5,0,14,6,45,40,48,31,32,-33,-18,-29,-32,-25,0,0,0,0,22,-178,-207,-189,-181,-284,-274,-282,-270,-463,-129,-133,-135,-315,-312,-502,-512,-495,-503,-497,-505,-505,-502,-502,-500,-502,-499,-495,-491,-491,-474,-498,-412,-415,-401,-827,-818,-810,-799,-788,-739,-852,-683,-781,-773,-871,-863,-1047,-840,-1162,-1151,-1124,-1103,-29984,-29985,-29992,-29993]} 1. e4 e6 2. d4 d5 3. exd5 exd5 4. Nf3 Bd6 5. Bd3 Ne7 6. c4 dxc4 7. Bxc4 O-O 8. O-O Nbc6 9. h3 {C01: French: Exchange Variation} Bf5 10. Nc3 Bg6 (10... Qd7 11. Re1 Nb4 12. Re2 c6 13. Bg5 Nbd5 14. Ne4 Ng6 15. Bxd5 cxd5 16. Nxd6 Qxd6 17. Nh4 Nxh4 18. Bxh4 Rfc8 19. Qb3 b6 20. Rae1 h6 {½-½ (20) Gazik,V (2504)-Andriasian,Z (2604) Villorba 2019}) 11. Re1 $146 {The position is equal.} ({Predecessor:} 11. Bg5 h6 12. Bh4 Qd7 13. d5 {1-0 (78) Muzychuk,A (2367)-Zhukova,N (2462) Dresden 2004}) 11... Bh5 12. g4 Bg6 13. Bg5 Kh8 14. Ne5 (14. a3 $14) 14... f6 $15 15. Nxg6+ Nxg6 16. Be3 f5 17. gxf5 $1 Nh4 18. Qg4 Rxf5 {Strongly threatening ...Nxd4!} 19. Bd3 $2 (19. Kh1 $1 $11 {and White has nothing to worry.}) 19... h5 $19 20. Qe4 {[#]} Nb4 $1 {[%cal Rb4d3]} 21. Be2 (21. Bb1 $142 Nf3+ 22. Kh1) 21... Qf6 22. Kh1 Rf8 (22... Rxf2 23. Rf1 $19) 23. a3 $2 {[#]} (23. Nb5 Nf3 24. Red1) 23... Nc6 $2 (23... Rxf2 $2 24. Rf1 $19) (23... Nc2 $1 $19 {[%mdl 512] has better winning chances.} 24. Bd3 (24. Qxc2 $2 Rxf2 25. Bxf2 Qxf2 $19) 24... Nxa1 25. Rxa1 g6) 24. Bd3 $17 Qd8 25. Rg1 $2 (25. Na4 $17 {was worth a try.}) 25... Re8 $19 26. Bg5 $2 (26. Qxf5 Nxf5 27. Bxf5) 26... Rxe4 27. Bxd8 {[#]} Rxf2 $1 {[%csl Gd6][%cal Rf2h2][%mdl 512]} 28. Rgf1 Rh2+ {[%mdl 64] Double Attack} ({Worse is} 28... Nxd8 29. Rxf2 Re3 30. Bf1 $16) 29. Kg1 Rg2+ ({Inferior is} 29... Nxd8 30. Bxe4 Rxh3 31. Rad1 $11) 30. Kh1 Rxd4 ({Weaker is} 30... Nxd8 31. Nxe4 Rh2+ 32. Kg1 $11) 31. Bxh4 Rh2+ {[%mdl 64] Double Attack} 32. Kg1 Rxd3 33. Ne4 Rdxh3 34. Bf2 Ne5 {[%cal Re5f3]} 35. Bg3 Re2 36. Rae1 {[#]} (36. Bxe5 $142 Rxe4 37. Bxd6 cxd6 38. Kg2) 36... Rxg3+ {Played: Re2xe4} 0-1